00560 a2200133 4500003000500000038001300005082000800018100002500026245013700051260008200188300003900270500005900309856005800368NUST aM Shaban aBEE aAhmad Mustafa Hashmi aDesign and implementation of six degrees of freedom robotic ARM and study of its forward and inverse kinmaticscAhmad Mustafa Hashmi aIslamabad :bNUST School of Electrical Engineering & Computer Science,c2010. a78 p. :bill. ;c27 cm. +e1CD ROM aSupervisors : Mr. Abdul Afram, Mr. Shamyl Bin Mansoor. u http://10.250.8.41:8080/xmlui/handle/123456789/10165